01007 a2200253 4500003000500000005001700005008004100022010001600063020001500079040000600094082001500100100002200115245008700137260002800224300001900252490002100271500000800292505024900300538002900549650004700578650004500625650004800670700003500718Nust20171218110140.0171218b xxu||||| |||| 00| 0 eng d a 78066987 a8130706202 c000a808.02 BEN1 aBennett, James D.10aWriting history papers :ban introduction /cJames D. Bennett, Lowell H. Harrison. aNew DelhibCosmocc2007 a64p. ;c29 cm.0 aThe Forum series aP.B aIntroduction (Page-5) Selecting a Topic (Page-7) Bibliographical Aids (Page-9) Note Taking (Page-19) Writing your Paper (Page-23) Mechanics of Term Papers (Page-29) Footnotes (Page-37) Bibliography (Page-45) Exercises (Page-57) Index (Page-63). aAlmirah No.59 Shelf No.4 0aAcademic writingxHandbooks, manuals, etc. 0aHistoriographyxHandbooks, manuals, etc. 0aHistoryxResearchxHandbooks, manuals, etc.1 aHarrison, Lowell Hayes,d1922-